000 00916cam a2200169 4500500
005 20260329023726.0
041 _afre
042 _adc
100 1 0 _aBeaumont, André
_eauthor
700 1 0 _aCassier, Pierre
_eauthor
700 1 0 _aTruchot, Jean-Paul
_eauthor
700 1 0 _aDauça, Michel
_eauthor
245 0 0 _aBiologie et physiologie animales : Cours et questions de révision
260 _bDunod,
_c2022.
520 _aCe manuel présente les données de base de la biologie et de la physiologie animales enseignées en Licence. Le cours, illustré de nombreuses figures est complété d'encarts historiques, techniques, éthiques ou économiques. A la fin de chaque chapitre, un résumé permet d'aller à l'essentiel et des questions de révision, de tester ses connaissances.
856 4 1 _uhttps://stm.cairn.info/biologie-et-physiologie-animales--9782100844692?lang=fr&redirect-ssocas=7080
999 _c1929121
_d1929121